MARC

LEADER 00000nas a2200000 i 4500
001 ssj0001707440
003 WaSeSS
005 20200512172242.0
006 m d
007 cr n
008 160707c20169999iluqr p s | a0eng c
010 |a  2016268532 
022 |a 2474-7459 
035 |a (WaSeSS)ssj0001707440 
037 |b Office for Intellectual Freedom, American Library Association, 50 E. Huron Street, Chicago, IL 60611 
040 |a IHI  |b eng  |e pn  |c IHI  |d OCLCO  |d CUY  |d OCLCF  |d SERSO  |d OCL  |d DLC  |d OCLCQ  |d NJR  |d OCLCO  |d OCLCA  |d WaSeSS 
042 |a pcc  |a nsdp 
050 0 0 |a Z711.4 
082 0 0 |a 323.44  |a 363.31  |2 23 
222 0 |a Journal of intellectual freedom & privacy 
245 0 0 |a Journal of intellectual freedom & privacy  |h [electronic resource]. 
246 1 |a Journal of intellectual freedom and privacy 
246 1 |a Intellectual freedom & privacy 
246 1 |a JIFP 
260 |a Chicago, IL :  |b Office for Intellectual Freedom, an Office of the American Library Association,  |c 2016- 
310 |a Quarterly 
362 1 |a Began with: Vol. 1, no. 1 (spring 2016). 
506 |a License restrictions may limit access. 
588 |a Description based on: Vol. 1, no. 1 (spring 2016); title from journal table of contents page (journals.ala.org website, viewed August 31, 2016). 
588 |a Latest issue consulted: Vol. 1, no. 1 (spring 2016) (viewed Oct. 21, 2016). 
650 0 |a Libraries  |x Censorship  |v Periodicals. 
650 0 |a Freedom of information  |v Periodicals. 
650 0 |a Freedom of the press  |v Periodicals. 
650 0 |a Censorship  |v Periodicals. 
650 0 |a Intellectual freedom  |v Periodicals. 
650 0 |a Privacy, Right of  |v Periodicals. 
650 7 |a Censorship.  |2 fast  |0 (OCoLC)fst00850568 
650 7 |a Freedom of information.  |2 fast  |0 (OCoLC)fst00934017 
650 7 |a Freedom of the press.  |2 fast  |0 (OCoLC)fst00934063 
650 7 |a Intellectual freedom.  |2 fast  |0 (OCoLC)fst00975768 
650 7 |a Libraries  |x Censorship.  |2 fast  |0 (OCoLC)fst00997366 
650 7 |a Privacy, Right of.  |2 fast  |0 (OCoLC)fst01077444 
655 0 |a Electronic journals. 
710 2 |a American Library Association.  |b Office for Intellectual Freedom. 
780 0 0 |t Newsletter on intellectual freedom  |x 1945-4546  |w (DLC) 2008202699  |w (OCoLC)55753852 
850 |a DLC 
856 4 0 |z Full text available from Research Library: 04/01/2016 to present  |u https://search.proquest.com/publication/2068951